Maternity nursing / (Record no. 24828)

000 -LEADER
fixed length control field 01346pam a2200337 a 4500
001 - CONTROL NUMBER
control field 3488354
003 - CONTROL NUMBER IDENTIFIER
control field OSt
005 - DATE AND TIME OF LATEST TRANSACTION
control field 20170130111031.0
008 - FIXED-LENGTH DATA ELEMENTS--GENERAL INFORMATION
fixed length control field 940826s1995 moua b 001 0 eng c
010 ## - LIBRARY OF CONGRESS CONTROL NUMBER
LC control number 94035006
020 ## - INTERNATIONAL STANDARD BOOK NUMBER
International Standard Book Number 0801678838
040 ## - CATALOGING SOURCE
Original cataloging agency DNLM/DLC
Transcribing agency DLC
Modifying agency DLC
050 00 - LIBRARY OF CONGRESS CALL NUMBER
Classification number RG951
Item number .B66 1994
060 10 - NATIONAL LIBRARY OF MEDICINE CALL NUMBER
Classification number WY 157 M4236 1994
082 00 - DEWEY DECIMAL CLASSIFICATION NUMBER
Classification number 610.73/678
Edition number 20
245 00 - TITLE STATEMENT
Title Maternity nursing /
Statement of responsibility, etc. [edited by] Irene M. Bobak, Deitra Leonard Lowdermilk, Maragaret Duncan Jensen ; associate editor, Shannon E. Perry.
250 ## - EDITION STATEMENT
Edition statement 4th ed.
260 ## - PUBLICATION, DISTRIBUTION, ETC. (IMPRINT)
Place of publication, distribution, etc. St. Louis :
Name of publisher, distributor, etc. Mosby,
Date of publication, distribution, etc. c1995.
300 ## - PHYSICAL DESCRIPTION
Extent xxv, 989 p. :
Other physical details ill. (some col.) ;
Dimensions 29 cm.
500 ## - GENERAL NOTE
General note Rev. ed. of: Essentials of maternity nursing / Irene M. Bobak, Margaret Duncan Jensen. 3rd ed. c1991.
504 ## - BIBLIOGRAPHY, ETC. NOTE
Bibliography, etc Includes bibliographical references and index.
650 #0 - SUBJECT ADDED ENTRY--TOPICAL TERM
Topical term or geographic name as entry element Maternity nursing.
650 #0 - SUBJECT ADDED ENTRY--TOPICAL TERM
Topical term or geographic name as entry element Pediatric nursing.
650 12 - SUBJECT ADDED ENTRY--TOPICAL TERM
Topical term or geographic name as entry element Maternal-Child Nursing.
650 22 - SUBJECT ADDED ENTRY--TOPICAL TERM
Topical term or geographic name as entry element Obstetrical Nursing.
700 1# - ADDED ENTRY--PERSONAL NAME
Personal name Bobak, Irene M.
Title of a work Essentials of maternity nursing.
700 1# - ADDED ENTRY--PERSONAL NAME
Personal name Lowdermilk, Deitra Leonard.
700 1# - ADDED ENTRY--PERSONAL NAME
Personal name Jensen, Margaret Duncan,
Dates associated with a name 1921-
906 ## - LOCAL DATA ELEMENT F, LDF (RLIN)
a 7
b cbc
c orignew
d 1
e ocip
f 19
g y-gencatlg
942 ## - ADDED ENTRY ELEMENTS (KOHA)
Source of classification or shelving scheme
Koha item type Hard Covered Materials
Classification part RG 951 .B66 1994
Holdings
Withdrawn status Lost status Source of classification or shelving scheme Damaged status Not for loan Home library Current library Shelving location Date acquired Source of acquisition Total Checkouts Full call number Barcode Date last seen Price effective from Koha item type
          MACHAKOS UNIVERSITY LIBRARY MACHAKOS UNIVERSITY LIBRARY Technical section 30/01/2017 Donation(B.F.A)   RG 951 .B66 1994 30704 27/07/2018 30/01/2017 Hard Covered Materials
© Machakos University Library, Along The Highway, Machakos Wote Rd, Machakos, Kenya P.O. Box 136 - 90100 Machakos - Kenya

Tel: ( +254 ) 723 805829 OR Fax : 044-20353 OR Email: library@mksu.ac.ke